mysqli: Table './ulib62015/stat_globaluid' is marked as crashed and should be repaired
select id from stat_globaluid where statuid='20260517140203_361'
mysqli: Table './ulib62015/stat_globaluid' is marked as crashed and should be repaired
DELETE FROM stat_globaluid
WHERE id NOT IN (
SELECT id
FROM (
SELECT id
FROM stat_globaluid
ORDER BY id DESC
LIMIT 100
) foo
);
mysqli: Table './ulib62015/stat_globaluid' is marked as crashed and should be repaired
insert into stat_globaluid set
statuid='20260517140203_361',
dt='1779001323',
phpself='/ULIB62015/dublinfull.php',
agent='Mozilla/5.0 AppleWebKit/537.36 (KHTML, like Gecko; compatible; ClaudeBot/1.0; +claudebot@anthropic.com)',
yea='2026',
mon='5',
dat='17',
ip='216.73.216.45'
mysqli: Table './ulib62015/stathist_viewbib_bib_type' is marked as crashed and should be repaired
insert into stathist_viewbib_bib_type set
dat='17' ,
mon='05' ,
yea='2026' ,
statuid='20260517140203_361' ,
head='13399121100' ,
foot='marc' ,
dt='1779001323'
| LEADER : 00000nam 2200000uu 4500 |
| 008 150223s||||||||th 000 0 tha d |
| 020 ^a9786161119201
|
| 024 ^a9786161119201
|
| 050 0 ^aQK364^bค695 2557
|
| 245 00 ^aคู่มือการปลูกสมุนไพรที่เหมาะสม/^cกรมพัฒนาการแพทย์แผนไทยและการแพทย์ทางเลือก
|
| 250 ^aพิมพ์ครั้งที่ 1
|
| 260 ^aนนทบุรี :^bกองทุนภูมิปัญญาการแพทย์แผนไทย กรมพัฒนาการแพทย์แผนไทยและการแพทย์ทางเลือก กระทรวงสาธารณสุข,^c2557.
|
| 300 ^a194 หน้า :^bภาพประกอบ ;^c26 ซม.
|
| 650 0 ^aสมุนไพร^xการปลูก
|
| 650 0 ^aพฤกษศาสตร์
|
| 700 0 ^aสมศักดิ์ กรีชัย,^eผู้รวบรวม
|
| 700 0 ^aกฤตธัช โชติชนะเดชา,^eผู้รวบรวม
|
| 700 0 ^aเกษร อังศุสิงห์,^eผู้รวบรวม
|
| 700 0 ^aอัจฉรา เชียงทอง,^eผู้รวบรวม
|
| 700 0 ^aศิริขวัญ ชาวจีน,^eผู้รวบรวม
|
| 700 0 ^aจิตลัดดา เทพพิบูลย์,^eผู้รวบรวม
|
| 710 1 ^aกระทรวงสาธารณสุข.^bกรมพัฒนาการแพทย์แผนไทยและการแพทย์ทางเลือก.^bกองทุนภูมิปัญญาการแพทย์แผนไทย
|
| 945 ^p0^l0^i021990 |
| 999 ^aอริศรา หะยีเด
|
| คุณยังไม่ได้ล็อกอิน คุณสามารถมีกิจกรรมร่วมกับเว็บไซต์ได้ แต่ต้องล็อกอินก่อน :: |
|
|
|
| ลำดับที่ |
ประเภท |
เลขเรียก/บาร์โค้ด |
สถานที่ |
สถานะ |
| 1. |
 หนังสือ | QK364 ค695 2557 Barcode: 021990 | หนังสือทั่วไป | บนชั้น ขอยืม |
รายการใกล้เคียง
หัวเรื่อง [พฤกษศาสตร์]
|
|
ยังไม่เคยถูกคอมเมนท์
|
| คอมเมนท์ทรัพยากรรายการนี้ |
|